[Event "Amateur-Pokal B"]
[Site "?"]
[Date "2001.??.??"]
[Round "6"]
[White "Augustin, Christian"]
[Black "Thiel, Jean-Claude"]
[Result "1-0"]
[WhiteElo "1966"]
[BlackElo "1880"]
[Annotator "ChessOrg"]
[PlyCount "163"]

1. d4 e6 2. Nf3 f5 3. g3 Nf6 4. Bg2 d5 5. O-O Bd6 6. c4 c6 7. Qc2 Na6 8. a3 O-O
9. Bf4 Bxf4 10. gxf4 Nh5 11. e3 Rf6 12. Nbd2 Rh6 13. Ng5 Bd7 14. Ndf3 Nc7 15.
Ne5 Qe7 16. cxd5 exd5 17. b4 Rf8 18. Qc5 Qxc5 19. bxc5 Bc8 20. Rab1 Ne6 21.
Nxe6 Rxe6 22. Rb4 Re7 23. Rfb1 Nf6 24. Ra4 a6 25. Rab4 g6 26. Kf1 Kg7 27. Nd3
Rfe8 28. Nc1 Rc7 29. Nb3 h6 30. h4 Nh7 31. Na5 Ree7 32. Rb6 Nf8 33. Ke2 Ne6 34.
Kd2 Nf8 35. Bf3 Nd7 36. R6b2 Nf6 37. Rg1 Ng4 38. Ke2 h5 39. Rgb1 Nf6 40. Nb3
Ne4 41. Bxe4 fxe4 42. Nd2 Bf5 43. Nf1 Bg4+ 44. Kd2 Kf6 45. Nh2 Bf5 46. Rg1 Re8
47. a4 Rb8 48. Rgb1 Bc8 49. a5 Ra8 50. Rg1 Bf5 51. Rg5 Re8 52. Rb1 Rce7 53. Rb6
Rc7 54. Nf1 Bg4 55. Rxd5 Be6 56. Re5 Rd8 57. Ng3 Bf5 58. Nxe4+ Bxe4 59. Rxe4
Rd5 60. Re5 Rxe5 61. fxe5+ Kf5 62. Rb1 g5 63. hxg5 Kxg5 64. Rg1+ Kf5 65. f4 Rh7
66. Kd3 h4 67. Rg5+ Ke6 68. f5+ Kf7 69. Rg1 h3 70. Ke2 Rh5 71. Rh1 h2 72. e4
Rh3 73. Kf2 Rh4 74. Kf3 Kg7 75. d5 cxd5 76. exd5 Rh5 77. Kg4 Rh8 78. Kg5 Rh3
79. f6+ Kf8 80. Kf5 Rf3+ 81. Ke6 Rf2 82. d6 1-0

[Event "Amateur-Pokal B"]
[Site "?"]
[Date "2001.??.??"]
[Round "6"]
[White "Weissmann, Joerg"]
[Black "Trumm, Achim"]
[Result "1-0"]
[WhiteElo "1950"]
[BlackElo "1805"]
[Annotator "ChessOrg"]
[PlyCount "69"]

1. e4 e5 2. Nf3 Nc6 3. Bc4 Bc5 4. b4 Bxb4 5. c3 Be7 6. d4 d6 7. Qb3 Na5 8.
Bxf7+ Kf8 9. Qa4 Kxf7 10. Qxa5 b6 11. Qb5 a6 12. Qd3 Bg4 13. dxe5 Be6 14. O-O
d5 15. Nd4 dxe4 16. Qxe4 Qd5 17. Qf4+ Ke8 18. Nxe6 Qxe6 19. Qg3 g6 20. f4 Bc5+
21. Be3 Bxe3+ 22. Qxe3 Ne7 23. Nd2 Rf8 24. Ne4 h6 25. Nf6+ Kf7 26. Rfd1 Rad8
27. Qe2 a5 28. Rd2 Rxd2 29. Qxd2 Qc4 30. Rd1 Kg7 31. Qd7 Rf7 32. Qd2 Nf5 33.
Kh1 h5 34. a3 Nh4 35. Qd8 1-0

[Event "Amateur-Pokal B"]
[Site "?"]
[Date "2001.??.??"]
[Round "6"]
[White "Moerger, Karl-Heinz"]
[Black "Hauck, Bjoern"]
[Result "0-1"]
[WhiteElo "1782"]
[BlackElo "1896"]
[Annotator "ChessOrg"]
[PlyCount "82"]

1. e4 e6 2. d4 d5 3. e5 c5 4. c3 Nc6 5. Nf3 Nh6 6. Bd3 Qb6 7. a3 cxd4 8. cxd4
Nf5 9. Bxf5 exf5 10. O-O Be7 11. Nc3 Be6 12. b4 O-O 13. Qd3 f6 14. Re1 fxe5 15.
Na4 Qc7 16. Nxe5 Bf6 17. Nc5 Rfe8 18. Bf4 Bf7 19. Ncd7 Nxe5 20. Nxe5 Be6 21.
Rac1 Qb6 22. Rc2 g5 23. Qg3 Qxd4 24. Bxg5 Bxe5 25. Bf4+ Bg7 26. Be5 Qg4 27.
Qxg4 fxg4 28. Bxg7 Kxg7 29. Rc7+ Bf7 30. Rd1 b6 31. Kf1 Kf8 32. Rd4 Re4 33. Rd1
a5 34. b5 d4 35. Rc6 d3 36. Rxb6 Bc4 37. Rd2 Rae8 38. f3 Re1+ 39. Kf2 R1e2+ 40.
Rxe2 dxe2 41. Ke1 Rd8 0-1

[Event "Amateur-Pokal B"]
[Site "?"]
[Date "2001.??.??"]
[Round "6"]
[White "Hiller, Joachim"]
[Black "Kupsch, Wolfgang"]
[Result "1-0"]
[WhiteElo "1830"]
[BlackElo "1766"]
[Annotator "ChessOrg"]
[PlyCount "81"]

1. e4 e5 2. Nf3 Nf6 3. Nxe5 d6 4. Nf3 Nxe4 5. d4 d5 6. Bd3 Bd6 7. Nbd2 O-O 8.
O-O Nf6 9. h3 b6 10. Ne5 c5 11. c3 c4 12. Bc2 Qc7 13. Ndf3 Nbd7 14. Re1 Bb7 15.
Bf4 Ne4 16. Nxd7 Qxd7 17. Ne5 Bxe5 18. dxe5 Nc5 19. Qh5 g6 20. Qh4 Rfe8 21.
Rad1 Qc6 22. f3 Ne6 23. Bh6 Ng7 24. Qg5 Rad8 25. Rd4 Bc8 26. Bxg7 Kxg7 27. Rh4
Rh8 28. Qh6+ Kg8 29. f4 f5 30. g4 Rf8 31. gxf5 Bxf5 32. Bxf5 Rxf5 33. e6 Qc5+
34. Kg2 Qe7 35. Re5 Rxe5 36. fxe5 Qxe6 37. Rf4 Qe7 38. Rf6 Qg7 39. Qf4 Qe7 40.
e6 h5 41. Rxg6+ 1-0

[Event "Amateur-Pokal B"]
[Site "?"]
[Date "2001.??.??"]
[Round "6"]
[White "Schmidt, Erhard"]
[Black "Paschmann, Stefan"]
[Result "1/2-1/2"]
[WhiteElo "1870"]
[BlackElo "1895"]
[Annotator "ChessOrg"]
[PlyCount "47"]

1. g3 Nf6 2. Bg2 d5 3. c4 dxc4 4. Qa4+ c6 5. Qxc4 Bf5 6. e4 Bg6 7. Nc3 e5 8.
Nf3 Nbd7 9. O-O Bd6 10. d4 exd4 11. Nxd4 Nb6 12. Qd3 O-O 13. Nde2 h6 14. Rd1
Bc5 15. Nd4 Qe7 16. Qe2 Rad8 17. Be3 Bh5 18. f3 Nxe4 19. Nxe4 Qxe4 20. g4 Qe5
21. Kf2 Rfe8 22. Nf5 Bxe3+ 23. Nxe3 Bg6 24. Rxd8 1/2-1/2

[Event "Amateur-Pokal B"]
[Site "?"]
[Date "2001.??.??"]
[Round "6"]
[White "Pook, Rainer"]
[Black "Schmitt, Adolf"]
[Result "0-1"]
[WhiteElo "1825"]
[BlackElo "1824"]
[Annotator "ChessOrg"]
[PlyCount "60"]

1. d4 d5 2. Nc3 e6 3. e4 dxe4 4. Nxe4 Be7 5. f4 Nf6 6. Bd3 Nbd7 7. Nxf6+ Nxf6
8. Nf3 c5 9. c3 cxd4 10. Nxd4 O-O 11. Qc2 Bd7 12. Bd2 Qa5 13. O-O Rfc8 14. Rf3
h6 15. Re1 Qb6 16. Be3 Bc5 17. b4 Bxb4 18. Qe2 Bc5 19. Rb1 Qc7 20. Rg3 Kf8 21.
c4 a6 22. Nf3 Nh5 23. Rg4 Nxf4 24. Qd2 e5 25. Rg3 Rd8 26. Ne1 Bf5 27. Qc2 Nxd3
28. Kf1 Bxe3 29. Rxe3 e4 30. Qc3 Qf4+ 0-1

[Event "Amateur-Pokal B"]
[Site "?"]
[Date "2001.??.??"]
[Round "6"]
[White "Kuhn, Heinz"]
[Black "Koch, Arno"]
[Result "0-1"]
[WhiteElo "1763"]
[BlackElo "1792"]
[Annotator "ChessOrg"]
[PlyCount "64"]

1. b4 g6 2. Bb2 Nf6 3. c4 Bg7 4. e3 c6 5. Nf3 d6 6. d4 O-O 7. Nbd2 Re8 8. Qb3
Nbd7 9. a4 e5 10. dxe5 Nxe5 11. Nxe5 dxe5 12. O-O-O Qc7 13. h4 a5 14. Be2 axb4
15. h5 c5 16. hxg6 fxg6 17. Rh2 Bd7 18. Rdh1 Bxa4 19. Qd3 Red8 20. Qb1 Qd7 21.
Nf3 e4 22. Bxf6 exf3 23. Bxd8 Rxd8 24. Bd3 Qxd3 25. Qxd3 Rxd3 26. gxf3 b3 27.
Rxh7 b2+ 28. Kb1 Rd1+ 29. Rxd1 Bxd1 30. Rh3 Be2 31. Rh1 Bd3+ 32. Ka2 Bxc4+ 0-1

[Event "Amateur-Pokal B"]
[Site "?"]
[Date "2001.??.??"]
[Round "7"]
[White "Becking, Franz-Josef"]
[Black "Augustin, Christian"]
[Result "1/2-1/2"]
[WhiteElo "1850"]
[BlackElo "1966"]
[Annotator "ChessOrg"]
[PlyCount "34"]

1. e4 g6 2. g3 Bg7 3. Bg2 d6 4. Nf3 Nc6 5. O-O e5 6. d3 f5 7. c3 fxe4 8. dxe4
Nf6 9. Nh4 Be6 10. Na3 Qd7 11. Qe2 a6 12. Be3 O-O 13. Rad1 Bxa2 14. c4 Na5 15.
b4 Bb3 16. bxa5 Bxd1 17. Qxd1 Kh8 1/2-1/2

[Event "Amateur-Pokal B"]
[Site "?"]
[Date "2001.??.??"]
[Round "7"]
[White "Weissmann, Joerg"]
[Black "Dorozala, Pierre"]
[Result "1-0"]
[WhiteElo "1950"]
[BlackElo "1855"]
[Annotator "ChessOrg"]
[PlyCount "87"]

1. e4 e6 2. d4 d6 3. Nc3 Be7 4. f4 Nf6 5. Nf3 Nc6 6. Bd3 h6 7. O-O Nb4 8. Be2
c5 9. d5 exd5 10. exd5 Bf5 11. Bb5+ Kf8 12. Ba4 Nd7 13. a3 Na6 14. Bb5 Nc7 15.
Bd3 Bxd3 16. Qxd3 Bf6 17. Ne4 Nb6 18. c4 g6 19. Nxf6 Qxf6 20. Bd2 Qf5 21. Qxf5
gxf5 22. b3 Ne8 23. Nh4 Ng7 24. Bc3 Rg8 25. Rae1 Re8 26. Bxg7+ Rxg7 27. Rxe8+
Kxe8 28. Nxf5 Rg6 29. Re1+ Kd8 30. Kf2 Nc8 31. Kf3 a6 32. a4 h5 33. h3 Kd7 34.
g4 hxg4+ 35. hxg4 Rg8 36. g5 Re8 37. Rxe8 Kxe8 38. Kg4 Kf8 39. Kh5 Kg8 40. Kh6
Kf8 41. Kh7 b6 42. Kh8 a5 43. Kh7 Ke8 44. Kg7 1-0

[Event "Amateur-Pokal B"]
[Site "?"]
[Date "2001.??.??"]
[Round "7"]
[White "Probst, Joachim"]
[Black "Faas, Dominik"]
[Result "1/2-1/2"]
[WhiteElo "1855"]
[BlackElo "1898"]
[Annotator "ChessOrg"]
[PlyCount "112"]

1. e4 e5 2. Nf3 Nc6 3. Bb5 a6 4. Ba4 d6 5. O-O Nf6 6. Re1 b5 7. Bb3 Bg4 8. c3
Be7 9. h3 Bh5 10. d3 O-O 11. Bg5 h6 12. Bxf6 Bxf6 13. g4 Bg6 14. Nbd2 Bg5 15.
Nxg5 hxg5 16. Bd5 Qd7 17. Nf3 Rae8 18. Nxg5 Nd8 19. Kg2 Qe7 20. Qd2 Ne6 21.
Nxe6 fxe6 22. Bb3 Rf4 23. f3 Ref8 24. Re3 Be8 25. Rf1 c5 26. c4 Bc6 27. Kh2
bxc4 28. Bxc4 d5 29. exd5 exd5 30. Bb3 c4 31. dxc4 d4 32. Ree1 Bxf3 33. c5+ Kh8
34. c6 Rxg4 35. Rg1 Rgf4 36. c7 Qxc7 37. Rg5 e4 38. Kg1 Qe7 39. Qg2 Qf6 40. Qg3
e3 41. Bc4 e2 42. Rg6 Qe7 43. Re6 Qc5 44. Bd3 Bh5 45. R6xe2 Bxe2 46. Rxe2 Qc1+
47. Re1 Qd2 48. Bxa6 Qxb2 49. Bc4 Qc3 50. Bd3 Qd2 51. Bc4 Qf2+ 52. Qxf2 Rxf2
53. Re4 R2f4 54. Re5 R8f5 55. Re8+ Kh7 56. Bd3 g6 1/2-1/2

[Event "Amateur-Pokal B"]
[Site "?"]
[Date "2001.??.??"]
[Round "7"]
[White "Hauck, Bjoern"]
[Black "Reinke, Kurt"]
[Result "1-0"]
[WhiteElo "1896"]
[BlackElo "1863"]
[Annotator "ChessOrg"]
[PlyCount "87"]

1. Nf3 Nf6 2. g3 d5 3. Bg2 c6 4. O-O e6 5. d4 Nbd7 6. c4 Be7 7. b3 O-O 8. Nc3
Re8 9. Re1 Bb4 10. Bd2 Qa5 11. Qc2 Qd8 12. e4 dxe4 13. Nxe4 Bxd2 14. Nxf6+ Qxf6
15. Qxd2 Nb6 16. Ne5 Rd8 17. Rad1 Bd7 18. Re3 Qh6 19. d5 exd5 20. cxd5 Bh3 21.
Bxh3 Qxh3 22. d6 Nd5 23. Rf3 f6 24. Nc4 b5 25. Na5 Qd7 26. Nxc6 Qxc6 27. Qxd5+
Qxd5 28. Rxd5 Rd7 29. Rxb5 Rxd6 30. Rb7 a5 31. Re3 f5 32. Ree7 Rg6 33. a3 f4
34. Kg2 Rf8 35. f3 h5 36. b4 Rf5 37. b5 Rfg5 38. Rb8+ Kh7 39. Ree8 Rd6 40. Re2
Rd3 41. Rb2 Rxa3 42. b6 Ra4 43. b7 fxg3 44. hxg3 1-0

[Event "Amateur-Pokal B"]
[Site "?"]
[Date "2001.??.??"]
[Round "7"]
[White "Trumm, Achim"]
[Black "Hiller, Joachim"]
[Result "0-1"]
[WhiteElo "1805"]
[BlackElo "1830"]
[Annotator "ChessOrg"]
[PlyCount "52"]

1. d4 Nf6 2. c4 e6 3. Nc3 Bb4 4. Nf3 b6 5. Bg5 h6 6. Bh4 Bb7 7. e3 O-O 8. Bd3
c5 9. O-O cxd4 10. exd4 Be7 11. Rc1 d5 12. b3 Nc6 13. Bb1 Rc8 14. Qc2 Nb4 15.
Qe2 dxc4 16. Rfd1 cxb3 17. axb3 Nbd5 18. Ne4 Nxe4 19. Qxe4 g6 20. Ne5 f5 21.
Bxe7 Qxe7 22. Qd3 Rxc1 23. Rxc1 Nf4 24. Qe3 Qg5 25. g3 Ne2+ 26. Kf1 Qxe3 0-1

[Event "Amateur-Pokal B"]
[Site "?"]
[Date "2001.??.??"]
[Round "7"]
[White "Moerger, Karl-Heinz"]
[Black "Schmidt, Erhard"]
[Result "1-0"]
[WhiteElo "1782"]
[BlackElo "1870"]
[Annotator "ChessOrg"]
[PlyCount "29"]

1. e4 c5 2. Nf3 e6 3. d4 cxd4 4. Nxd4 Nf6 5. Nc3 Bb4 6. e5 Ne4 7. Qg4 Qa5 8.
Qxg7 Bxc3+ 9. bxc3 Qxc3+ 10. Ke2 Nc6 11. Qxh8+ Ke7 12. Nb5 Qxa1 13. Bh6 Qxe5
14. Bf8+ Ke8 15. Bg7+ 1-0

[Event "Amateur-Pokal B"]
[Site "?"]
[Date "2001.??.??"]
[Round "7"]
[White "Paschmann, Stefan"]
[Black "Kuhn, Heinz"]
[Result "1-0"]
[WhiteElo "1895"]
[BlackElo "1763"]
[Annotator "ChessOrg"]
[PlyCount "91"]

1. d4 b5 2. e4 Bb7 3. Bd3 e6 4. Nf3 a6 5. Be3 Nf6 6. Nbd2 d6 7. O-O c5 8. c3
Nc6 9. Qe2 Qb6 10. d5 exd5 11. exd5 Ne7 12. c4 h6 13. cxb5 Nfxd5 14. Nc4 Qc7
15. bxa6 Bxa6 16. Bd2 Bb7 17. a3 g5 18. Ne3 Nf4 19. Qd1 Nxd3 20. Bc3 Nxf2 21.
Rxf2 Rg8 22. Qd2 Bg7 23. Raf1 f5 24. Nc4 O-O-O 25. Ba5 Qc6 26. Bxd8 Rxd8 27.
Na5 Qb6 28. Nxb7 Kxb7 29. Kh1 g4 30. Nh4 Bd4 31. Re2 Be5 32. Nxf5 Ng6 33. Ng3
h5 34. b4 h4 35. Rf7+ Kb8 36. Nf1 h3 37. Ng3 Qc6 38. bxc5 hxg2+ 39. Rxg2 Rh8
40. Qb4+ Kc8 41. Kg1 Nh4 42. Qxg4+ Kb8 43. Rgf2 Qxc5 44. Qe4 Qc1+ 45. Rf1 Qc5+
46. Kh1 1-0

[Event "Amateur-Pokal B"]
[Site "?"]
[Date "2001.??.??"]
[Round "7"]
[White "Kupsch, Wolfgang"]
[Black "Schmitt, Adolf"]
[Result "1/2-1/2"]
[WhiteElo "1766"]
[BlackElo "1824"]
[Annotator "ChessOrg"]
[PlyCount "82"]

1. e4 c5 2. Nf3 Nc6 3. d4 cxd4 4. Nxd4 Nf6 5. Nc3 d6 6. Be2 e5 7. Nb3 Be7 8.
O-O h6 9. a3 Be6 10. Be3 O-O 11. f4 exf4 12. Rxf4 d5 13. exd5 Nxd5 14. Nxd5
Bxd5 15. c4 Be6 16. Nd4 Bc5 17. b4 Bxd4 18. Bxd4 Nxd4 19. Rxd4 Qf6 20. Qd2 Rfd8
21. Rd1 Rxd4 22. Qxd4 Qxd4+ 23. Rxd4 a5 24. b5 b6 25. Kf2 Kf8 26. Ke3 Ke7 27.
Bf3 Rd8 28. Rxd8 Kxd8 29. Kd4 f6 30. c5 Kc7 31. g4 Bb3 32. Be2 Bc2 33. c6 Kd6
34. h4 Bb3 35. Bd3 Bd1 36. g5 fxg5 37. hxg5 h5 38. Ke3 Bg4 39. g6 Ke5 40. Be2
Bf5 41. Bxh5 Kd6 1/2-1/2

[Event "Amateur-Pokal B"]
[Site "?"]
[Date "2001.??.??"]
[Round "7"]
[White "Koch, Arno"]
[Black "Pook, Rainer"]
[Result "1-0"]
[WhiteElo "1792"]
[BlackElo "1825"]
[Annotator "ChessOrg"]
[PlyCount "65"]

1. g3 c6 2. Bg2 d5 3. d3 e5 4. c3 Bd6 5. Nd2 Be6 6. e4 Nf6 7. Ne2 Qd7 8. d4 Bh3
9. Bxh3 Qxh3 10. dxe5 Bxe5 11. f4 Bc7 12. e5 Ng4 13. Ng1 Ne3 14. Nxh3 Nxd1 15.
Kxd1 Nd7 16. Nb3 h5 17. Be3 a5 18. Kc2 a4 19. Nd4 g6 20. Ng5 Ke7 21. Ndf3 a3
22. b4 Nb6 23. Bxb6 Bxb6 24. Rae1 c5 25. bxc5 Bxc5 26. Rd1 Rhd8 27. Rd3 Ra5 28.
Rb1 Rd7 29. Nd4 f6 30. exf6+ Kxf6 31. Nb3 Rb5 32. Nxc5 Rxc5 33. Ne4+ 1-0

[Event "Amateur-Pokal B"]
[Site "?"]
[Date "2001.??.??"]
[Round "8"]
[White "Becking, Franz-Josef"]
[Black "Weissmann, Joerg"]
[Result "0-1"]
[WhiteElo "1850"]
[BlackElo "1950"]
[Annotator "ChessOrg"]
[PlyCount "110"]

1. d4 e6 2. e4 d5 3. exd5 Qxd5 4. Nf3 Nf6 5. Nc3 Qd8 6. Bg5 Be7 7. Bd3 Nc6 8.
O-O O-O 9. a3 Kh8 10. Bb5 Bd7 11. Re1 h6 12. Bh4 a6 13. Bf1 g5 14. Bg3 Nh5 15.
Ne5 Nxg3 16. hxg3 Be8 17. Qh5 Kg7 18. Nxc6 Bxc6 19. Rad1 Qd7 20. Bd3 Rad8 21.
Be4 Bxe4 22. Nxe4 Qb5 23. f4 Rh8 24. b4 Qc4 25. c3 Rd5 26. Qe2 Qxe2 27. Rxe2 a5
28. Nd2 axb4 29. axb4 Ra8 30. Nf3 Rf5 31. Re5 Ra3 32. Rxf5 exf5 33. Re1 Bd6 34.
c4 Bxb4 35. Rb1 c5 36. d5 Rc3 37. Ra1 Rxc4 38. Ra7 gxf4 39. gxf4 Rc1+ 40. Kh2
Rd1 41. Rxb7 Rxd5 42. Ne5 Bc3 43. Rxf7+ Kg8 44. Rxf5 c4 45. Rf6 Rxe5 46. Rc6
Re4 47. Kg3 Bd2 48. f5 c3 49. f6 Kf7 50. Kf3 Re6 51. Rc4 Kxf6 52. g4 Ke7 53.
Rc8 Kd7 54. Rc4 Rc6 55. Rd4+ Kc7 0-1

[Event "Amateur-Pokal B"]
[Site "?"]
[Date "2001.??.??"]
[Round "8"]
[White "Augustin, Christian"]
[Black "Probst, Joachim"]
[Result "1/2-1/2"]
[WhiteElo "1966"]
[BlackElo "1855"]
[Annotator "ChessOrg"]
[PlyCount "107"]

1. d4 Nf6 2. Bg5 e6 3. e4 h6 4. Bxf6 Qxf6 5. Nc3 g6 6. Qd2 a6 7. f4 b5 8. g3
Bb7 9. Bg2 Qe7 10. e5 Bxg2 11. Qxg2 Ra7 12. Ne4 Bg7 13. c3 O-O 14. Nf3 d6 15.
g4 dxe5 16. fxe5 Nd7 17. h4 c5 18. g5 h5 19. Nf6+ Kh8 20. O-O cxd4 21. cxd4 Rc7
22. Rac1 Rfc8 23. Rxc7 Rxc7 24. Nd2 Bxf6 25. gxf6 Qb4 26. Qa8+ Kh7 27. Nf3 Qf8
28. Ng5+ Kg8 29. Qxa6 Rc2 30. Qb7 Qd8 31. Nxe6 fxe6 32. Qe4 Nf8 33. Qxc2 Qxd4+
34. Rf2 Qxe5 35. f7+ Kh7 36. Qc3 Qe4 37. Qg3 Qb1+ 38. Kh2 Qxa2 39. Qa3 Qc4 40.
Qxf8 Qxh4+ 41. Kg1 Qg4+ 42. Rg2 Qd4+ 43. Rf2 Qg4+ 44. Rg2 Qd4+ 45. Kf1 Qd1+ 46.
Kf2 Qd2+ 47. Kf3 Qd3+ 48. Kf4 g5+ 49. Ke5 Qd5+ 50. Kf6 Qf5+ 51. Ke7 Qc5+ 52.
Ke8 Qc8+ 53. Ke7 Qc5+ 54. Ke8 1/2-1/2

[Event "Amateur-Pokal B"]
[Site "?"]
[Date "2001.??.??"]
[Round "8"]
[White "Faas, Dominik"]
[Black "Schmidt, Erhard"]
[Result "1-0"]
[WhiteElo "1898"]
[BlackElo "1870"]
[Annotator "ChessOrg"]
[PlyCount "53"]

1. e4 c5 2. Nf3 e6 3. d4 cxd4 4. Nxd4 Nf6 5. Nc3 Bb4 6. Bd3 e5 7. Nde2 O-O 8.
O-O d5 9. exd5 Bg4 10. f3 Qb6+ 11. Kh1 Bh5 12. Ng3 Bg6 13. Bxg6 hxg6 14. Nge4
Nbd7 15. Qd3 a6 16. Be3 Qd8 17. Bg5 Rc8 18. Nxf6+ gxf6 19. Bh6 Re8 20. Ne4 Kh7
21. Be3 Kg7 22. a3 Bf8 23. f4 f5 24. Ng5 e4 25. Bd4+ Ne5 26. Qh3 Bd6 27. Bxe5+
1-0

[Event "Amateur-Pokal B"]
[Site "?"]
[Date "2001.??.??"]
[Round "8"]
[White "Reinke, Kurt"]
[Black "Paschmann, Stefan"]
[Result "1-0"]
[WhiteElo "1863"]
[BlackElo "1895"]
[Annotator "ChessOrg"]
[PlyCount "67"]

1. d4 Nf6 2. Nf3 g6 3. c4 Bg7 4. Nc3 O-O 5. e4 d6 6. Be2 Nbd7 7. O-O e5 8. d5
Nc5 9. Nd2 a5 10. b3 Ne8 11. g4 f5 12. gxf5 gxf5 13. Kh1 f4 14. Nf3 Rf6 15. Ba3
b6 16. Bxc5 bxc5 17. Rg1 Rh6 18. Ng5 Nf6 19. Ne6 Bxe6 20. dxe6 Qe7 21. Bg4 Nxg4
22. Qxg4 Rxe6 23. Nd5 Qf7 24. Qh3 Rg6 25. f3 a4 26. Rxg6 hxg6 27. bxa4 Rxa4 28.
Qc8+ Bf8 29. Rb1 Rxa2 30. Rb7 Ra1+ 31. Kg2 Ra2+ 32. Kf1 Ra1+ 33. Ke2 Ra2+ 34.
Kd1 1-0

[Event "Amateur-Pokal B"]
[Site "?"]
[Date "2001.??.??"]
[Round "8"]
[White "Koch, Arno"]
[Black "Trumm, Achim"]
[Result "1/2-1/2"]
[WhiteElo "1792"]
[BlackElo "1805"]
[Annotator "ChessOrg"]
[PlyCount "120"]

1. g3 Nc6 2. Bg2 d5 3. d3 Nf6 4. Bg5 e6 5. Nd2 h6 6. Bxf6 Qxf6 7. c3 Bd7 8. e4
d4 9. Qc2 e5 10. Ne2 Be7 11. O-O O-O 12. f4 dxc3 13. bxc3 Bc5+ 14. Kh1 Bb6 15.
fxe5 Qxe5 16. Nc4 Qg5 17. Nxb6 axb6 18. Nf4 Ne5 19. Nd5 Rac8 20. Qe2 Bg4 21.
Qc2 Kh8 22. Rf2 Be6 23. Qd2 Ng4 24. Rf4 Ne5 25. Raf1 Ng6 26. R4f2 Qxd2 27. Rxd2
b5 28. d4 c6 29. Nf4 Bc4 30. Nxg6+ fxg6 31. Rxf8+ Rxf8 32. d5 cxd5 33. exd5 Re8
34. h4 Rd8 35. d6 Rd7 36. Bxb7 Kg8 37. Bd5+ Bxd5+ 38. Rxd5 Kf7 39. Kg2 Ke6 40.
Rd3 Kf5 41. Kf3 Ke5 42. Re3+ Kd5 43. Re7 Rxd6 44. Rxg7 Rc6 45. Ke2 Ke5 46. Kd3
Kf5 47. Re7 Ra6 48. Rb7 Kg4 49. Rxb5 Kxg3 50. Rb2 Kxh4 51. c4 g5 52. Ke4 g4 53.
c5 g3 54. Kd5 Kh3 55. Rb6 Rxb6 56. cxb6 g2 57. b7 g1=Q 58. b8=Q Qg2+ 59. Kd4
Qxa2 60. Qc8+ Kh4 1/2-1/2

[Event "Amateur-Pokal B"]
[Site "?"]
[Date "2001.??.??"]
[Round "8"]
[White "Schmitt, Adolf"]
[Black "Moerger, Karl-Heinz"]
[Result "1-0"]
[WhiteElo "1824"]
[BlackElo "1782"]
[Annotator "ChessOrg"]
[PlyCount "98"]

1. d4 d5 2. Bf4 c6 3. Nf3 Qb6 4. Qc1 Bg4 5. Ne5 Bf5 6. g4 Be6 7. h3 Qxd4 8. e3
Qb6 9. Nd2 f6 10. Nd3 Bf7 11. Be2 e5 12. Bg3 c5 13. c4 dxc4 14. Nxc4 Qc6 15.
O-O Nd7 16. Rd1 Qe6 17. Ne1 b5 18. Nd2 h5 19. Bxb5 hxg4 20. Ne4 Rd8 21. Nxc5
Bxc5 22. Qxc5 Ne7 23. Qxa7 Nd5 24. e4 N5b6 25. Qa3 Qe7 26. Qxe7+ Kxe7 27. hxg4
Rh3 28. Kg2 Rdh8 29. Nd3 g6 30. a4 f5 31. gxf5 gxf5 32. Nxe5 Nxe5 33. Bxe5 R8h7
34. a5 Nc4 35. Rd7+ Ke6 36. Rxf7 Nxe5 37. Rxh7 Rxh7 38. exf5+ Kxf5 39. a6 Rg7+
40. Kf1 Nf3 41. Ra5 Rg1+ 42. Ke2 Nd4+ 43. Ke3 Nc2+ 44. Kd2 Nd4 45. Bc4+ Kf4 46.
a7 Rg2 47. Kc3 Ne2+ 48. Bxe2 Rg1 49. Ra4+ Ke5 1-0

[Event "Amateur-Pokal B"]
[Site "?"]
[Date "2001.??.??"]
[Round "8"]
[White "Kuhn, Heinz"]
[Black "Kupsch, Wolfgang"]
[Result "0-1"]
[WhiteElo "1763"]
[BlackElo "1766"]
[Annotator "ChessOrg"]
[PlyCount "50"]

1. b4 e5 2. Bb2 Nf6 3. b5 Bc5 4. e3 d6 5. Nf3 O-O 6. c4 Re8 7. Qb3 a5 8. Nc3 e4
9. Ng5 h6 10. h4 Bf5 11. Na4 Nbd7 12. d4 exd3 13. Bxd3 Bb4+ 14. Kf1 Bxd3+ 15.
Qxd3 Ne5 16. Qc2 Qe7 17. a3 Bc5 18. Nc3 c6 19. Na4 cxb5 20. Nxc5 dxc5 21. cxb5
b6 22. a4 Rad8 23. Ke2 Ng6 24. Nf3 Ne4 25. g3 Nxg3+ 0-1

[Event "Amateur-Pokal B"]
[Site "?"]
[Date "2001.??.??"]
[Round "9"]
[White "Hauck, Bjoern"]
[Black "Becking, Franz-Josef"]
[Result "1/2-1/2"]
[WhiteElo "1896"]
[BlackElo "1850"]
[Annotator "ChessOrg"]
[PlyCount "97"]

1. Nf3 d5 2. g3 Nf6 3. Bg2 c5 4. O-O e6 5. d4 Nc6 6. dxc5 Bxc5 7. c4 dxc4 8.
Qa4 O-O 9. Nc3 e5 10. Qxc4 Bb6 11. Bg5 Be6 12. Qh4 h6 13. Bxf6 Qxf6 14. Qe4
Rfd8 15. Rfd1 Rxd1+ 16. Rxd1 Rd8 17. Rxd8+ Bxd8 18. Nd5 Qf5 19. Qxf5 Bxf5 20.
Nd2 Be6 21. Nc4 b5 22. Nd6 a6 23. Nb7 Bg5 24. Nc7 Nd8 25. b3 Nxb7 26. Bxb7 b4
27. Nxe6 fxe6 28. Bxa6 Kf7 29. Kg2 Ke7 30. Kf3 Bd2 31. Ke4 Kd6 32. Kd3 Bc1 33.
Kc4 Bd2 34. Kd3 Bg5 35. h4 Be7 36. Bc8 Bf8 37. Kc4 Be7 38. Bb7 Kd7 39. Be4 Bd6
40. Bb1 g5 41. hxg5 hxg5 42. a4 bxa3 43. b4 e4 44. g4 Be5 45. Kb3 Bb2 46. Bxe4
e5 47. Bb1 Kc6 48. Kc4 Kb6 49. Ba2 1/2-1/2

[Event "Amateur-Pokal B"]
[Site "?"]
[Date "2001.??.??"]
[Round "9"]
[White "Probst, Joachim"]
[Black "Weissmann, Joerg"]
[Result "1-0"]
[WhiteElo "1855"]
[BlackElo "1950"]
[Annotator "ChessOrg"]
[PlyCount "83"]

1. e4 Nf6 2. e5 Nd5 3. d4 d6 4. Nf3 g6 5. exd6 cxd6 6. Be2 Bg7 7. O-O O-O 8. c3
Nc6 9. Na3 Bd7 10. Nc2 Qb6 11. Bd3 Rac8 12. Ng5 h6 13. Ne4 Kh7 14. Kh1 Rcd8 15.
f4 f5 16. Ng3 e5 17. Bc4 Be6 18. Bxd5 Bxd5 19. Ne3 Bg8 20. d5 Nb8 21. Ne2 Nd7
22. Rb1 Qc5 23. c4 Rfe8 24. b4 Qc7 25. Bd2 Re7 26. Qc1 Rde8 27. Rb3 b6 28. h4
Nf6 29. fxe5 Rxe5 30. Ng3 Qe7 31. h5 Nxh5 32. Nexf5 Rxf5 33. Nxf5 gxf5 34. Rh3
Bf7 35. Rxf5 Nf6 36. Rg5 Ne4 37. Rxg7+ Kxg7 38. Bxh6+ Kg6 39. Qf4 Qd7 40. Rh4
Re7 41. Bf8 Nf2+ 42. Kh2 1-0

[Event "Amateur-Pokal B"]
[Site "?"]
[Date "2001.??.??"]
[Round "9"]
[White "Augustin, Christian"]
[Black "Faas, Dominik"]
[Result "0-1"]
[WhiteElo "1966"]
[BlackElo "1898"]
[Annotator "ChessOrg"]
[PlyCount "100"]

1. d4 d5 2. Nf3 Bf5 3. c4 e6 4. cxd5 exd5 5. Qb3 Nc6 6. Nc3 Bb4 7. a3 Bxc3+ 8.
bxc3 Na5 9. Qd1 Nc4 10. Bg5 Qd6 11. Qa4+ c6 12. e3 b5 13. Qb4 a5 14. Qxd6 Nxd6
15. Nd2 Ne7 16. Be2 Ng6 17. g3 Kd7 18. Bf4 Nxf4 19. gxf4 Rhb8 20. O-O Rg8 21.
h4 h6 22. Nf3 f6 23. Kh2 Ne4 24. Bd3 g5 25. Rg1 gxf4 26. exf4 Nd6 27. Bxf5+
Nxf5 28. Rae1 Rae8 29. Rxg8 Rxg8 30. Kh3 h5 31. Nh2 Nd6 32. f3 Nc4 33. Ra1 Nb2
34. Nf1 Nd3 35. Ng3 Nxf4+ 36. Kh2 a4 37. Re1 Re8 38. Rxe8 Kxe8 39. Kg1 c5 40.
dxc5 d4 41. Ne4 Ne2+ 42. Kf2 Nxc3 43. Nxf6+ Ke7 44. Nxh5 b4 45. Ng3 b3 46. Nf1
b2 47. Nd2 b1=Q 48. Nxb1 Nxb1 49. c6 Nxa3 50. c7 Kd7 0-1

[Event "Amateur-Pokal B"]
[Site "?"]
[Date "2001.??.??"]
[Round "9"]
[White "Dorozala, Pierre"]
[Black "Hiller, Joachim"]
[Result "1-0"]
[WhiteElo "1855"]
[BlackElo "1830"]
[Annotator "ChessOrg"]
[PlyCount "107"]

1. d4 Nf6 2. c4 e6 3. Nc3 Bb4 4. Bd2 b6 5. Nf3 Bb7 6. e3 Bxc3 7. Bxc3 Ne4 8.
Rc1 O-O 9. Bd3 f5 10. O-O d6 11. b3 Nd7 12. Bb2 Qe7 13. Qe2 a5 14. Ne1 c5 15.
f3 Nef6 16. Nc2 g6 17. Na3 e5 18. d5 Ba6 19. e4 f4 20. Nb1 g5 21. Nc3 h5 22.
Kf2 Kf7 23. Ke1 Rg8 24. Kd2 Rg7 25. Kc2 Rag8 26. g3 Nf8 27. Rg1 Ng6 28. Rcf1
Bc8 29. Bc1 Bd7 30. a4 Ke8 31. Nb5 Bxb5 32. cxb5 Nf8 33. Bd2 N8h7 34. Bc4 fxg3
35. hxg3 h4 36. Qh2 Nh5 37. gxh4 gxh4 38. Rxg7 Rxg7 39. Rh1 Ng3 40. Rg1 Qf6 41.
Qh3 Nf8 42. Qc8+ Ke7 43. Bxa5 Qxf3 44. Bd2 Qf2 45. Re1 Qg2 46. a5 bxa5 47. b6
Nxe4 48. Re2 Qg6 49. b7 Nd7 50. Qxd7+ Kxd7 51. b8=Q h3 52. Bxa5 Ke7 53. Qd8+
Kf7 54. Bd3 1-0

[Event "Amateur-Pokal B"]
[Site "?"]
[Date "2001.??.??"]
[Round "9"]
[White "Paschmann, Stefan"]
[Black "Thiel, Jean-Claude"]
[Result "1/2-1/2"]
[WhiteElo "1895"]
[BlackElo "1880"]
[Annotator "ChessOrg"]
[PlyCount "21"]

1. d4 e6 2. Nf3 f5 3. d5 Be7 4. dxe6 dxe6 5. Qxd8+ Bxd8 6. Bf4 Nf6 7. Nbd2 O-O
8. e3 c6 9. Bc4 Nd5 10. Bd6 Re8 11. e4 1/2-1/2